Southeast Asian Islands on the Map - Statistics

General Stats
  • This quiz has been taken 1,160 times
  • The average score is 9 of 13
Answers on the Map
Answers color-coded by a green-red scale on the quiz's map according to % correct below.
 
Answer Stats
Islands % Correct
Java
95%
Borneo
94%
Sumatra
90%
Timor
85%
Sulawesi
83%
Luzon
82%
Bali
79%
Singapore
78%
Mindanao
68%
Phuket
52%
Palawan
45%
Penang
27%
Panay
25%
No matching quizzes found
Score Distribution
Percent of People with Each Score
Percentile by Number Answered
Your Score History
You have not taken this quiz